MARC

LEADER 00000nam0a2200000 4500
001 50541
005 20231031033216.0
010 |a 5110019975 
035 |a (RuTPU)RU\TPU\book\52921 
090 |a 50541 
100 |a 20030417d1990 m y0rusy50 ca 
101 0 |a rus 
102 |a UA 
105 |a a j 001zy 
200 1 |a Техническая термодинамика и теплопередача  |e учебное пособие  |f А. Н. Алабовский, И. А. Недужий 
205 |a 3-е изд., перераб. и доп. 
210 |a Киев  |c Выща школа  |d 1990 
215 |a 255 с.  |c ил. 
320 |a Библиогр.: с. 235. 
320 |a Предм. указ.: с. 254-255. 
610 1 |a техническая термодинамика 
610 1 |a теплопередача 
610 1 |a законы 
610 1 |a идеальные газы 
610 1 |a реальные газы 
610 1 |a газы 
610 1 |a пары 
610 1 |a тепловые двигатели 
610 1 |a тепловые процессы 
610 1 |a тепловые насосы 
610 1 |a теплопроводность 
610 1 |a теплообмен 
610 1 |a теплоотдача 
610 1 |a теплообменные аппараты 
610 1 |a учебные пособия 
675 |a 621.1.016.4(075.8)  |v 3 
675 |a 621.1.016.7(075.8)  |v 3 
700 1 |a Алабовский  |b А. Н.  |g Александр Николаевич 
701 1 |a Недужий  |b И. А.  |g Иван Афанасьевич 
801 1 |a RU  |b 63413507  |c 20030417  |g PSBO 
801 2 |a RU  |b 63413507  |c 20201008  |g PSBO 
900 |a Теплотехника и гидравлика 
942 |c BK